| 000 | 00334nam a22001457a 4500 | ||
|---|---|---|---|
| 999 |
_c529607 _d529607 |
||
| 003 | NUST | ||
| 020 |
_a077041608X _qP/B. |
||
| 038 | _awaseem | ||
| 082 |
_a813.54 _bBAL |
||
| 100 |
_aBallem, John _921936 |
||
| 245 |
_aThe Moon Pool / _cJohn Ballem |
||
| 260 |
_aToronto : _bSeal Books, _c1979. |
||
| 300 | _a227 p. ; | ||
| 942 |
_2ddc _cBK |
||